000
00305nam a22001337a 4500
008
171106b xxu||||| |||| 00| 0 eng d
020
_a
2900470041696
041
_a
eng
080
_2
12TH
_a
330.722.6
100
_a
61
101
_a
KON
245
_a
INTERMEDIATE ACCOUNTING
_c
KIESO,D.E
942
_2
udc
_c
BK
999
_c
37894
_d
37894